Open Data Biblioteca Nacional de Portugal


República Portuguesa: Ministério da Cultura
Biblioteca Nacional de Portugal

Catálogo da BNP: acesso por Identificadores Unívocos
Registos Bibliográficos associados ao registo de autoridade

Etiqueta de registo: 00379nas 2200205 450
001 2256915
003 http://id.bnportugal.gov.pt/bib/catbnp/2256915
100 ## $a20260129b19891990m y0pory01030103ba
101 0# $apor
102 ## $aPT
106 ## $ar
110 ## $aacazz 0uu0
200 1# $a O Janeirinho$fdir. José Manuel Barroso
207 #0 $aNº 1 (8 jan. 1989) - nº 61 (18 mar. 1990) ; $a[N.s.], nº 0 (11 mar. 1990) - nº 19 (29 jul. 1990)
210 #9 $aPorto$cO Primeiro de Janeiro,$d1989-1990
215 ## $d30 cm
300 ## $aApesar de incorreta, a sequência das datas manteve-se até ao último número da publicação: O nº 0 da 2ª série tem impressa incorretamente a data de 11 de março de 1990, data essa a que corresponde o nº 60 da 1ª série
312 ## $aSuplemento destacável, publicado como parte integrante do jornal "O 1º de Janeiro"
317 ## $aColeção Leandro de Moraes Sarmento$5PTBN: L.M.S. 64
326 ## $aSemanal
422 #1 $1001620880$t O 1º de Janeiro$cPorto$bTypographia de A. A. Leal,$d[1868]-2016$x0872-167X
620 ## $dPorto
675 ## $a087.5(084.1)$vBN$zpor$3288233
702 #1 $92$aBarroso,$bJosé Manuel$4300$31982294
712 02 $aEmpresa O Primeiro de Janeiro$4650$36419
801 #0 $aPT$bBN$gRPC
966 ## $lBN$mFGREV$pBiblioteca particular Leandro de Moraes Sarmento$sL.M.S. 64 $x3
971 ## $ciquintas$d20260129

OpendataBNP@bnportugal.pt | Mais informação sobre acesso aos dados BNP